000 00490nam a2200205Ia 4500
005 20240823060425.0
008 240823s9999||||xx |||||||||||||| ||und||
020 _a81-219-2383-2
041 _aENGLISH
082 _A621 P4
100 _aChethan Kumar.C.S
245 0 _aElements of Mechanical Engineering
250 _a1st
260 _c2004
_bchand Publica
500 _aTRANSFERED
650 _aMechanical
_bMechanical
700 _a Mahesh B P
942 _cBK
999 _c231097
_d231097